Từ một giấc mơ (Từ Hi Thái Hậu); T2
Kaydedildi:
| Yazar: | |
|---|---|
| Materyal Türü: | Kitap |
| Dil: | Undetermined |
| Baskı/Yayın Bilgisi: |
Đồng Tháp
Nxb. Đồng Tháp
1996
|
| Konular: | |
| Etiketler: |
Etiketle
Etiket eklenmemiş, İlk siz ekleyin!
|
| Thư viện lưu trữ: | Trung tâm Học liệu Trường Đại học Cần Thơ |
|---|
| LEADER | 00510nam a2200169Ia 4500 | ||
|---|---|---|---|
| 001 | CTU_27447 | ||
| 008 | 210402s9999 xx 000 0 und d | ||
| 082 | |a 895.13081 | ||
| 082 | |b S464/T2 | ||
| 100 | |a Mộng Bình Sơn | ||
| 245 | 0 | |a Từ một giấc mơ (Từ Hi Thái Hậu); T2 | |
| 245 | 0 | |c Mộng Bình Sơn | |
| 260 | |a Đồng Tháp | ||
| 260 | |b Nxb. Đồng Tháp | ||
| 260 | |c 1996 | ||
| 650 | |a chinese fiction | ||
| 980 | |a Trung tâm Học liệu Trường Đại học Cần Thơ | ||